[Event "Olimpiade 2014 - Open"]
[Site "Tromsø"]
[Date "03.08.2014"]
[Round "2.42"]
[Board "4"]
[White "Mitkov, Nikola"]
[Black "Polanco Nunez, Yoel Estarling"]
[Result "0-1"]
[WhiteTitle "GM"]
[WhiteElo "2500"]
[BlackElo "2157"]
[WhiteTeam "FYROM"]
[BlackTeam "Dominican Republic"]
[WhiteFideId "15000290"]
[BlackFideId "6401783"]
[EventDate "2014.08.02"]

1. e4 c5 2. Nc3 a6 3. f4 Nc6 4. Nf3 e6 5. d4 cxd4 6. Nxd4 Qc7 7. Be3 d6 8. Qf3
Nge7 9. Nb3 Ng6 10. Qf2 Be7 11. Bb6 Qb8 12. h4 Nf8 13. a4 Nd7 14. Be3 b6 15. Be2
Qc7 16. O-O Rb8 17. Rad1 O-O 18. Rd2 Na5 19. Qg3 Nc4 20. Bxc4 Qxc4 21. Bd4 f6
22. Bf2 b5 23. Re1 b4 24. Nd1 Re8 25. Nd4 Bf8 26. f5 exf5 27. Ne3 f4 28. Qxg7+
Bxg7 29. Nxc4 Ne5 30. Nxd6 Rd8 31. Nf3 Be6 32. Nxe5 fxe5 33. Rd3 b3 34. c3 Rd7
35. Red1 Bf8 36. Nf5 Rbd8 37. Rxd7 Rxd7 38. Rb1 Rd2 39. Be1 Re2 40. h5 Rxe4 41.
Nh4 Rxa4 42. Nf3 Bd6 43. Rd1 Bc5+ 44. Kh2 e4 45. Ng5 Bg4 46. Rd5 Bf8 47. Re5 e3
48. Ne4 Bd1 49. Rg5+ Kf7 50. Rf5+ Ke6 51. Rxf8 Rxe4 52. Rh8 Bxh5 53. Rxh7 Be2
54. Rb7 Bb5 55. Kh3 Ra4 56. Kg4 f3+ 0-1

[Event "Olimpiade 2014 - Open"]
[Site "Tromsø"]
[Date "03.08.2014"]
[Round "2.43"]
[Board "1"]
[White "Al Badani, Abdu"]
[Black "Cilia Vincenti, David"]
[Result "1/2-1/2"]
[WhiteTitle "FM"]
[BlackTitle "CM"]
[WhiteElo "2180"]
[BlackElo "2154"]
[WhiteTeam "Yemen"]
[BlackTeam "Malta"]
[WhiteFideId "9400176"]
[BlackFideId "5600197"]
[EventDate "2014.08.02"]

1. e4 c5 2. Nf3 e6 3. c3 d5 4. exd5 Qxd5 5. Na3 Nf6 6. Be2 Nc6 7. d4 cxd4 8. Nb5
Qd8 9. O-O a6 10. Nbxd4 Nxd4 11. Nxd4 Bd6 12. Bg5 Qc7 13. Re1 Bxh2+ 14. Kh1 Be5
15. Bf3 O-O 16. Qe2 Bf4 17. Bxf6 gxf6 18. g3 Bh6 19. Kg2 f5 20. Rh1 Bg7 21. Rh5
Bxd4 22. cxd4 f6 23. Qe3 Rf7 24. Rah1 Bd7 25. Qh6 Bc6 26. d5 Bxd5 27. Bxd5 exd5
28. Qg6+ Rg7 29. Qxf5 Qe5 30. Qxe5 fxe5 31. Rxe5 Rd8 32. Rd1 Rgd7 33. Rd4 Kf7
34. Rf4+ Kg6 35. Re6+ Kg7 36. Rd4 Rc8 37. Kf3 Rc2 38. Rg4+ Kf8 39. Rf4+ Kg7 40.
Re5 Rf7 41. b4 Rxf4+ 42. gxf4 Rxa2 43. Re7+ Kg6 44. Rxb7 Ra3+ 45. Kg2 Rb3 46.
Rd7 Rxb4 47. Kg3 d4 48. Rd6+ Kf5 49. Rxa6 Ke4 50. Re6+ Kd3 51. f5 Rb7 52. f6 Rf7
53. Kf4 Kc2 54. Rc6+ Kd2 55. Ke5 Ke2 56. Rc2+ Ke1 57. Kxd4 Rxf6 58. Ke3 Re6+ 59.
Kf3 Rf6+ 60. Kg3 Rg6+ 61. Kh3 1/2-1/2

[Event "Olimpiade 2014 - Open"]
[Site "Tromsø"]
[Date "03.08.2014"]
[Round "2.43"]
[Board "2"]
[White "Pace, Colin"]
[Black "Al-Subaihi, Khalil"]
[Result "1-0"]
[WhiteTitle "CM"]
[WhiteElo "2139"]
[BlackElo "2082"]
[WhiteTeam "Malta"]
[BlackTeam "Yemen"]
[WhiteFideId "5600189"]
[BlackFideId "9400133"]
[EventDate "2014.08.02"]

1. e4 d5 2. exd5 Nf6 3. d4 Nxd5 4. Nf3 Bg4 5. h3 Bxf3 6. Qxf3 c6 7. Be2 e6 8.
O-O Be7 9. c4 Nf6 10. Rd1 O-O 11. Nc3 Qb6 12. Bf4 Nbd7 13. Rd2 Rfe8 14. Rad1 Nf8
15. Bd3 Ng6 16. Bg3 Bb4 17. Bb1 Qa5 18. a3 Bxc3 19. Qxc3 Qg5 20. Qe3 Qh5 21. Qe2
Qg5 22. Qe3 Qh5 23. b4 Nh4 24. Bf4 Nf5 25. Qe2 Qh4 26. Qf3 Rad8 27. Be5 Nd7 28.
Bxf5 exf5 29. Qxf5 Nxe5 30. dxe5 Rxd2 31. Rxd2 Qxc4 32. Rd7 g6 33. Qf6 Rb8 34.
Re7 Qd5 35. e6 1-0

[Event "Olimpiade 2014 - Open"]
[Site "Tromsø"]
[Date "03.08.2014"]
[Round "2.43"]
[Board "3"]
[White "Al-Hadarani, Hatim"]
[Black "Zerafa, Robert"]
[Result "1-0"]
[WhiteTitle "FM"]
[BlackTitle "CM"]
[WhiteElo "2254"]
[BlackElo "2084"]
[WhiteTeam "Yemen"]
[BlackTeam "Malta"]
[WhiteFideId "9400273"]
[BlackFideId "5600618"]
[EventDate "2014.08.02"]

1. d4 Nf6 2. Bg5 Ne4 3. Bf4 c5 4. f3 Qa5+ 5. c3 Nf6 6. d5 Qb6 7. Bc1 e6 8. c4
exd5 9. cxd5 d6 10. e4 g6 11. Nd2 Nbd7 12. a4 Qc7 13. Nc4 Nb6 14. Na3 Bd7 15. a5
Nc8 16. Nb5 Qb8 17. Bd3 Bg7 18. Ne2 a6 19. Nbc3 b5 20. axb6 Qxb6 21. Ra2 O-O 22.
Be3 Ra7 23. O-O Ne7 24. Qd2 a5 25. Rfa1 Rfa8 26. Bc2 Ne8 27. Ba4 Bxa4 28. Nxa4
Qb4 29. Qc2 Ra6 30. Bd2 Qb7 31. Bc3 Nc7 32. g4 R6a7 33. h4 Qb5 34. h5 Na6 35.
Bxg7 Kxg7 36. Nac3 Qe8 37. Qd2 Nb4 38. Ra4 Nc8 39. b3 Nb6 40. R4a3 f6 41. hxg6
hxg6 42. Kg2 Qd7 43. Rh1 Rg8 44. Nf4 Kf8 45. Rh6 a4 46. Ne6+ Ke8 47. Qf4 axb3
48. Rxa7 Qxa7 49. Nb5 Qa2+ 50. Kh3 Qf2 51. Nxd6+ 1-0

[Event "Olimpiade 2014 - Open"]
[Site "Tromsø"]
[Date "03.08.2014"]
[Round "2.43"]
[Board "4"]
[White "Zerafa, Patrick"]
[Black "Al-Aqrabi, Saleh"]
[Result "1/2-1/2"]
[WhiteTitle "CM"]
[WhiteElo "2079"]
[BlackElo "2139"]
[WhiteTeam "Malta"]
[BlackTeam "Yemen"]
[WhiteFideId "5600375"]
[BlackFideId "9400338"]
[EventDate "2014.08.02"]

1. d4 d5 2. c4 c6 3. Nf3 Nf6 4. Nbd2 a6 5. g3 Bf5 6. Bg2 e6 7. O-O Nbd7 8. b3
Be7 9. Bb2 h6 10. Ne5 O-O 11. Rc1 Rc8 12. Qe1 Bb4 13. a3 Ba5 14. b4 Bc7 15. e4
dxe4 16. Nxe4 Nxe4 17. Bxe4 Bh3 18. Bg2 Bxg2 19. Kxg2 Nxe5 20. dxe5 Qd3 21. Rc3
Qf5 22. f4 Rfd8 23. Qe2 Rd7 24. Rd1 Rxd1 25. Qxd1 Qe4+ 26. Qf3 Qb1 27. Qe2 Rd8
28. Rc1 Qd3 29. Qxd3 Rxd3 30. Rc2 Bb6 31. c5 Bc7 32. Kf2 Kf8 33. Ke2 Rb3 34. Bc1
Ke7 35. Rd2 a5 36. Rd3 Rb1 37. Kd1 axb4 38. Kc2 Ra1 39. axb4 h5 40. Kb2 Ra8 41.
Kb3 b5 42. cxb6 Bxb6 43. Rd6 Rc8 44. Ba3 Ke8 45. h3 Be3 46. Rd3 Bf2 47. g4 hxg4
48. hxg4 c5 49. bxc5 Bxc5 50. Bxc5 Rxc5 51. Kb4 Rc1 52. Kb5 g5 53. f5 Re1 54.
fxe6 Rxe5+ 55. Kc6 Rxe6+ 56. Kd5 Ke7 57. Rf3 Ra6 58. Re3+ Kd7 59. Rf3 Ra5+ 60.
Ke4 Ke6 61. Rb3 Ra4+ 62. Kf3 Rf4+ 63. Kg3 Rd4 64. Re3+ Kd6 65. Rf3 Ke7 66. Re3+
Kf8 67. Ra3 f6 68. Re3 Kf7 69. Kf3 Ra4 70. Kg3 Rf4 71. Ra3 Re4 72. Kf3 Rd4 73.
Re3 Rd5 74. Ra3 Ke6 75. Re3+ Kd6 76. Ra3 Rd4 77. Ra6+ Ke5 78. Ra5+ Rd5 79. Ra3
Rc5 80. Re3+ Kd6 81. Ra3 Rc4 82. Rd3+ Ke5 83. Re3+ Kd5 84. Rd3+ Rd4 85. Ra3 Rf4+
86. Kg3 Rc4 87. Rf3 Rc6 88. Ra3 Kd4 89. Ra4+ Kd3 90. Kf3 Rc3 91. Re4 Rc6 92. Ra4
Rc3 93. Re4 Kd2+ 94. Kf2 Rc6 95. Rd4+ Kc3 96. Rd8 Rc4 97. Kf3 Rd4 98. Ra8 Rf4+
99. Kg3 Kb4 100. Rb8+ Kc5 101. Rc8+ Kd5 102. Ra8 Rc4 103. Rd8+ Ke5 104. Re8+ Kd5
105. Rd8+ Ke6 106. Re8+ Kd7 107. Re3 Kd6 108. Ra3 Kd5 109. Kf3 Rf4+ 110. Kg3 Rc4
111. Kf3 Kd4 112. Ra6 Rc3+ 113. Kf2 Ke5 114. Ra4 Rd3 115. Ra5+ Rd5 116. Ra6 Rd4
117. Kf3 Rd3+ 1/2-1/2

[Event "Olimpiade 2014 - Open"]
[Site "Tromsø"]
[Date "03.08.2014"]
[Round "2.44"]
[Board "1"]
[White "Khairallah, Faisal"]
[Black "Ferster, Fabian"]
[Result "0-1"]
[WhiteTitle "FM"]
[BlackTitle "CM"]
[WhiteElo "2307"]
[BlackElo "2137"]
[WhiteTeam "Lebanon"]
[BlackTeam "Liechtenstein"]
[WhiteFideId "4628250"]
[BlackFideId "4695330"]
[EventDate "2014.08.02"]

1. e4 e6 2. Qe2 Be7 3. Nf3 d5 4. d3 c5 5. g3 Nf6 6. Bg2 Nc6 7. O-O O-O 8. e5 Nd7
9. c4 f6 10. exf6 Nxf6 11. Nc3 Nd4 12. Qd1 Nxf3+ 13. Bxf3 Rb8 14. Re1 a6 15. Qe2
d4 16. Ne4 e5 17. Bd2 Kh8 18. Rab1 b5 19. cxb5 axb5 20. Rec1 c4 21. dxc4 d3 22.
Qe3 bxc4 23. Nxf6 Rxf6 24. Rxc4 Be6 25. Rc3 Qf8 26. Be4 Bxa2 27. Rbc1 Be6 28. b3
Ba3 29. Re1 Bb4 30. Rc6 Bxd2 31. Qxd2 Rxb3 32. Bxd3 Bd5 33. Rxf6 Qxf6 34. Be2
Be6 35. Bf1 g6 36. Qd6 Rf3 37. Qb6 Rb3 38. Qc7 Rf3 39. Rd1 Bf7 40. Rd2 e4 41.
Bb5 Rc3 42. Qd7 e3 43. fxe3 Rxe3 44. Kg2 Qf3+ 0-1

[Event "Olimpiade 2014 - Open"]
[Site "Tromsø"]
[Date "03.08.2014"]
[Round "2.44"]
[Board "2"]
[White "Kobler, Mario"]
[Black "Kassis, Antoine LIB"]
[Result "0-1"]
[BlackTitle "FM"]
[WhiteElo "2113"]
[BlackElo "2157"]
[WhiteTeam "Liechtenstein"]
[BlackTeam "Lebanon"]
[WhiteFideId "12000094"]
[BlackFideId "5300150"]
[EventDate "2014.08.02"]

1. c4 c6 2. d4 d5 3. Qc2 e6 4. Nf3 f5 5. g4 fxg4 6. Ne5 Nf6 7. h3 g3 8. fxg3
Nbd7 9. Nf3 Bd6 10. Bf4 Qc7 11. e3 e5 12. dxe5 Nxe5 13. Nxe5 Bxe5 14. Nc3 g5 15.
Bxg5 Bxc3+ 16. Qxc3 Qxg3+ 17. Kd1 Qxg5 18. Rh2 Rf8 19. Rg2 Qf5 20. Bd3 Ne4 0-1

[Event "Olimpiade 2014 - Open"]
[Site "Tromsø"]
[Date "03.08.2014"]
[Round "2.44"]
[Board "3"]
[White "El Jawich, Amro"]
[Black "Frick, Renato"]
[Result "1-0"]
[WhiteTitle "FM"]
[WhiteElo "2186"]
[BlackElo "2057"]
[WhiteTeam "Lebanon"]
[BlackTeam "Liechtenstein"]
[WhiteFideId "5300380"]
[BlackFideId "12000027"]
[EventDate "2014.08.02"]

1. e4 c6 2. d3 d5 3. Nd2 e5 4. Ngf3 Bd6 5. g3 Nf6 6. Bg2 O-O 7. O-O Bg4 8. Re1
dxe4 9. dxe4 Qe7 10. Nc4 Bc7 11. Ne3 Rd8 12. Qe2 Bb6 13. h3 Bh5 14. Nf5 Qe6 15.
g4 Bg6 16. Be3 Na6 17. Ng5 Qe8 18. Bxb6 axb6 19. Qe3 Nc5 20. b4 Ne6 21. Nxe6
fxe6 22. Ng3 Nd7 23. a4 Qe7 24. c3 c5 25. Reb1 Ra7 26. Bf1 Bf7 27. Bb5 Nb8 28.
Rd1 Rd6 29. Rxd6 Qxd6 30. Ra2 Nc6 31. Rd2 Qe7 32. bxc5 bxc5 33. Qd3 Be8 34. Nf1
Ra8 35. Ne3 h5 36. Qd6 Kf8 37. Nc4 hxg4 38. hxg4 Rd8 39. Qxe7+ Kxe7 40. Rxd8
Nxd8 41. Bxe8 Kxe8 42. Nxe5 Ke7 43. f4 Kd6 44. a5 g5 45. Nc4+ Ke7 46. f5 exf5
47. gxf5 Kf6 48. Kf2 Nf7 49. Kf3 Nd8 50. Kg4 1-0

[Event "Olimpiade 2014 - Open"]
[Site "Tromsø"]
[Date "03.08.2014"]
[Round "2.44"]
[Board "4"]
[White "Guller, Andras"]
[Black "Chahrour, Ibrahim"]
[Result "0-1"]
[WhiteTitle "CM"]
[BlackTitle "FM"]
[WhiteElo "2042"]
[BlackElo "2170"]
[WhiteTeam "Liechtenstein"]
[BlackTeam "Lebanon"]
[WhiteFideId "12000078"]
[BlackFideId "5301653"]
[EventDate "2014.08.02"]

1. e4 d5 2. exd5 Nf6 3. d4 Bg4 4. Be2 Bxe2 5. Qxe2 Qxd5 6. Nf3 e6 7. O-O Nc6 8.
Be3 Bd6 9. c4 Qh5 10. Nc3 O-O-O 11. c5 Be7 12. Rab1 Nd5 13. Ne4 f5 14. Ng3 Qe8
15. Bd2 Bf6 16. Bc3 g5 17. Ne5 Nxe5 18. dxe5 Be7 19. Qc4 Qc6 20. b4 Nf4 21. f3
b5 22. Qb3 h5 23. Qc2 Rd3 24. Bb2 Rhd8 25. Rbd1 Qd5 26. Rxd3 Nxd3 27. Bc3 Qc4
28. Qb3 Qxb3 29. axb3 Nf4 30. Kf2 Rd3 31. Rc1 Nd5 32. Be1 Rxb3 33. Nxh5 Rb2+ 34.
Kg3 Ne3 35. Ng7 Rxg2+ 36. Kh3 g4+ 0-1

[Event "Olimpiade 2014 - Open"]
[Site "Tromsø"]
[Date "03.08.2014"]
[Round "2.45"]
[Board "1"]
[White "Phillips, Roy"]
[Black "Garcia, Ricardo NCA"]
[Result "0-1"]
[WhiteTitle "FM"]
[BlackTitle "FM"]
[WhiteElo "2272"]
[BlackElo "2215"]
[WhiteTeam "Mauritius"]
[BlackTeam "Nicaragua"]
[WhiteFideId "404136"]
[BlackFideId "6104347"]
[EventDate "2014.08.02"]

1. d4 Nf6 2. c4 e6 3. g3 Bb4+ 4. Bd2 Be7 5. Bg2 d5 6. Nf3 O-O 7. O-O c6 8. Qc2
b6 9. Bg5 Ba6 10. Nbd2 Nbd7 11. a3 Rc8 12. b4 c5 13. dxc5 Bxc4 14. Nxc4 dxc4 15.
Qxc4 bxc5 16. b5 Nb6 17. Qc2 h6 18. Bc1 Qe8 19. Rb1 Nfd7 20. Nd2 Bg5 21. Bc6 Qe7
22. Nb3 Bf6 23. Bb2 c4 24. Na5 Nb8 25. a4 c3 26. Bxc3 Bxc3 27. Qxc3 Nxa4 28. Qd4
Nb6 29. Rfc1 Rfd8 30. Qe3 Qf6 31. Ra1 Rc7 32. Nb7 Rdc8 33. Rxa7 Nxc6 34. Qxb6
Nxa7 35. Rxc7 Rxc7 36. Qxc7 Nxb5 37. Qb8+ Kh7 38. Nc5 Qb2 39. Qb7 Qc1+ 40. Kg2
Qxc5 41. Qxf7 Qd5+ 42. f3 Qe5 43. e4 Qb2+ 44. Kh3 Nd4 45. f4 Nf3 46. Qxe6 Ng1+
47. Kg4 Qe2+ 0-1

[Event "Olimpiade 2014 - Open"]
[Site "Tromsø"]
[Date "03.08.2014"]
[Round "2.45"]
[Board "2"]
[White "Ortiz, Marcos"]
[Black "Chinasamy, Devarajen"]
[Result "1-0"]
[BlackTitle "CM"]
[WhiteElo "2214"]
[BlackElo "2085"]
[WhiteTeam "Nicaragua"]
[BlackTeam "Mauritius"]
[WhiteFideId "6100678"]
[BlackFideId "9700072"]
[EventDate "2014.08.02"]

1. e4 c5 2. Nf3 g6 3. d4 cxd4 4. Qxd4 Nf6 5. Nc3 Nc6 6. Qa4 Bg7 7. e5 Ng8 8. Bf4
Nh6 9. h3 O-O 10. O-O-O Qb6 11. Nd5 Qd8 12. Bb5 a6 13. Bg5 Nf5 14. g4 f6 15.
exf6 exf6 16. Bf4 Ne5 17. gxf5 Nxf3 18. Qb3 Kh8 19. Nc7 Ra7 20. Be2 Ng5 21. Qb6
Re8 22. Qxa7 Rxe2 23. Rhe1 Qe7 24. Rxe2 Qxe2 25. Qb8 1-0

[Event "Olimpiade 2014 - Open"]
[Site "Tromsø"]
[Date "03.08.2014"]
[Round "2.45"]
[Board "3"]
[White "Li Ying, Patrick"]
[Black "Madrigal, Mariano"]
[Result "0-1"]
[WhiteTitle "CM"]
[BlackTitle "IM"]
[WhiteElo "2125"]
[BlackElo "2156"]
[WhiteTeam "Mauritius"]
[BlackTeam "Nicaragua"]
[WhiteFideId "9700056"]
[BlackFideId "6100961"]
[EventDate "2014.08.02"]

1. d4 Nf6 2. Nf3 g6 3. c4 Bg7 4. Nc3 d5 5. cxd5 Nxd5 6. e4 Nxc3 7. bxc3 c5 8.
Bb5+ Bd7 9. Rb1 O-O 10. O-O Bg4 11. Be3 a6 12. Be2 cxd4 13. cxd4 Bxf3 14. Bxf3
Qd7 15. Qb3 b5 16. d5 Qd6 17. Rfc1 Nd7 18. Rc6 Qb8 19. g3 Ne5 20. Bf4 Qa7 21.
Bxe5 Bxe5 22. Bg4 Rab8 23. Kg2 Qd4 24. Qc2 f5 25. Rd1 Qxe4+ 26. Qxe4 fxe4 27.
Rxa6 Ra8 28. Rxa8 Rxa8 29. Rd2 Kg7 30. Bd7 b4 31. Re2 Bd6 32. h4 Ra5 33. Be6 h6
34. Kf1 Kf6 35. Ke1 e3 36. f4 b3 37. a4 Rxa4 38. Rb2 Ra1+ 39. Ke2 Ra2 0-1

[Event "Olimpiade 2014 - Open"]
[Site "Tromsø"]
[Date "03.08.2014"]
[Round "2.45"]
[Board "4"]
[White "Medrano, Randall"]
[Black "Goorsahye, Antoine"]
[Result "1-0"]
[WhiteTitle "FM"]
[WhiteElo "2116"]
[BlackElo "1760"]
[WhiteTeam "Nicaragua"]
[BlackTeam "Mauritius"]
[WhiteFideId "6100970"]
[BlackFideId "9700110"]
[EventDate "2014.08.02"]

1. e4 e5 2. Nf3 Nc6 3. Bb5 a6 4. Ba4 Nf6 5. d3 b5 6. Bb3 Be7 7. O-O O-O 8. Re1
d6 9. c3 Bg4 10. Nbd2 Na5 11. Bc2 c5 12. Nf1 Qc7 13. h3 Be6 14. Ng3 Nc6 15. Qe2
Rab8 16. a3 a5 17. Be3 d5 18. exd5 Nxd5 19. Ne4 Nxe3 20. Qxe3 Qb6 21. Neg5 Bxg5
22. Nxg5 Bf5 23. h4 c4 24. Qf3 Bxd3 25. Bxd3 cxd3 26. Qxd3 g6 27. h5 Qd8 28. Qg3
Qe7 29. hxg6 fxg6 30. Re4 Rf5 31. Nf3 Rd8 32. Rae1 Rd3 33. Qh2 Qf6 34. Nxe5 Rh5
35. Ng4 Qf7 36. Nh6+ Rxh6 37. Qxh6 Rd8 38. Re6 Rf8 39. Qe3 Nb8 40. Re7 Qf6 41.
Re8 Nd7 42. Rxf8+ Nxf8 43. Qe5 Kg7 44. Qxb5 Ne6 45. Qd7+ 1-0

[Event "Olimpiade 2014 - Open"]
[Site "Tromsø"]
[Date "03.08.2014"]
[Round "2.46"]
[Board "1"]
[White "Sanches, Romario"]
[Black "Gaealafshwe, Barileng"]
[Result "1/2-1/2"]
[WhiteTitle "CM"]
[BlackTitle "CM"]
[WhiteElo "2083"]
[BlackElo "2222"]
[WhiteTeam "Surinam"]
[BlackTeam "Botswana"]
[WhiteFideId "8200211"]
[BlackFideId "11300310"]
[EventDate "2014.08.02"]

1. e4 c6 2. d4 d5 3. Nc3 dxe4 4. Nxe4 Nf6 5. Ng5 Bf5 6. Bc4 e6 7. Ne2 Nbd7 8.
Ng3 Bg6 9. O-O h6 10. Nh3 Bd6 11. Nf4 Bxf4 12. Bxf4 O-O 13. c3 Rc8 14. Qb3 Qb6
15. Qxb6 Nxb6 16. Bb3 Rfd8 17. Rad1 Ne4 18. c4 Nxg3 19. hxg3 Rd7 20. Be3 Rcd8
21. Rfe1 Nc8 22. Rc1 a6 23. f3 Ne7 24. g4 Bh7 25. Bf2 Bg6 26. g3 b5 27. cxb5
cxb5 28. Rc5 Nd5 29. Bxd5 Rxd5 30. Rxd5 Rxd5 31. Rc1 a5 32. Rc5 Bb1 33. Rxd5 1/2-1/2

[Event "Olimpiade 2014 - Open"]
[Site "Tromsø"]
[Date "03.08.2014"]
[Round "2.46"]
[Board "2"]
[White "Njobvu, Ignatius"]
[Black "Matoewi, Roger"]
[Result "1-0"]
[WhiteTitle "FM"]
[BlackTitle "FM"]
[WhiteElo "2193"]
[BlackElo "2121"]
[WhiteTeam "Botswana"]
[BlackTeam "Surinam"]
[WhiteFideId "11300132"]
[BlackFideId "8200084"]
[EventDate "2014.08.02"]

1. Nf3 c5 2. c4 d6 3. d4 cxd4 4. Nxd4 Nf6 5. g3 g6 6. Bg2 Bg7 7. O-O O-O 8. Nc3
Nbd7 9. h3 Nc5 10. Be3 a5 11. Qd2 Re8 12. Rfd1 Bd7 13. Kh2 Qc8 14. Rac1 Bf5 15.
Nd5 Nce4 16. Qe1 Ra6 17. Nxf5 gxf5 18. f3 Nc5 19. Qd2 Nxd5 20. cxd5 Kh8 21. Bd4
Bxd4 22. Qxd4+ f6 23. h4 Rg8 24. Bh3 Rg7 25. Qf4 Rb6 26. Bxf5 Qe8 27. b3 Rb4 28.
Rc4 Qb5 29. Rdc1 Rxc4 30. Qxc4 Qxc4 31. Rxc4 b5 32. Rc2 Rg8 33. Kg2 Ra8 34. Kf2
Ra7 35. Ke3 Kg7 36. Bd3 b4 37. Rc4 h5 38. Bc2 Kf7 39. g4 hxg4 40. fxg4 Kg7 41.
Kf4 Ra8 42. Kf5 Rh8 43. g5 fxg5 44. Kxg5 Rf8 45. Rf4 Rxf4 46. Kxf4 Kh6 47. Kf5
Kh5 48. e4 Kxh4 49. Kg6 Kg4 50. Kf7 Kf4 51. Kxe7 Ke5 52. Bb1 a4 53. Bc2 axb3 54.
axb3 Nb7 55. Kd7 Nc5+ 56. Kc6 1-0

[Event "Olimpiade 2014 - Open"]
[Site "Tromsø"]
[Date "03.08.2014"]
[Round "2.46"]
[Board "3"]
[White "Gajadin, Dewperkash"]
[Black "Khetho, Phemelo"]
[Result "0-1"]
[WhiteTitle "FM"]
[BlackTitle "FM"]
[WhiteElo "2087"]
[BlackElo "2195"]
[WhiteTeam "Surinam"]
[BlackTeam "Botswana"]
[WhiteFideId "8200041"]
[BlackFideId "11300280"]
[EventDate "2014.08.02"]

1. e4 d6 2. d4 g6 3. Nf3 Bg7 4. Be2 Nd7 5. O-O e5 6. c4 Ngf6 7. Nc3 O-O 8. dxe5
dxe5 9. Qc2 Re8 10. Rd1 c6 11. h3 Qc7 12. Be3 Nh5 13. Rab1 Nf4 14. Bf1 Ne6 15.
b4 b6 16. a4 Bb7 17. Rbc1 Rad8 18. Qa2 Ndf8 19. b5 Nd4 20. bxc6 Qxc6 21. Nd5
Nfe6 22. Ng5 Nc5 23. a5 bxa5 24. Rb1 a4 25. Nf3 Ncb3 26. c5 Bc8 27. Bc4 Qxc5 28.
Qxa4 Bd7 29. Qa6 Re6 30. Qa2 Qxc4 31. Bxd4 exd4 32. Qxb3 Qxb3 33. Rxb3 Ba4 34.
Nxd4 Bxd4 0-1

[Event "Olimpiade 2014 - Open"]
[Site "Tromsø"]
[Date "03.08.2014"]
[Round "2.46"]
[Board "4"]
[White "Notha, Moakofi"]
[Black "Giasi, Viresh"]
[Result "1/2-1/2"]
[WhiteElo "2070"]
[BlackElo "1929"]
[WhiteTeam "Botswana"]
[BlackTeam "Surinam"]
[WhiteFideId "11300710"]
[BlackFideId "8200165"]
[EventDate "2014.08.02"]

1. e4 c5 2. Nf3 d6 3. g3 Nc6 4. Bg2 Nf6 5. d3 g6 6. O-O Bg7 7. Nbd2 O-O 8. a4
Bg4 9. h3 Bd7 10. Nc4 Ne8 11. Bg5 f6 12. Bd2 Rb8 13. Nh4 Be6 14. Ne3 Nd4 15. Nd5
Bf7 16. c3 Nc6 17. f4 e6 18. Ne3 f5 19. Nf3 d5 20. Ng5 dxe4 21. dxe4 h6 22. Nxf7
Rxf7 23. Qe2 Rd7 24. Rfd1 Na5 25. Be1 Nc7 26. Nc4 Nxc4 27. Rxd7 Qxd7 28. Qxc4 b6
29. Bf3 Rd8 30. exf5 gxf5 31. Rd1 Qe7 32. Bf2 Rxd1+ 33. Bxd1 Qd6 34. Bf3 Qd2 35.
Qe2 Qxe2 36. Bxe2 Kf7 37. Kg2 Ne8 38. b4 cxb4 39. cxb4 Bc3 40. Bh5+ Ke7 41. b5
Nf6 42. Bf3 Nd5 43. Kf1 Kd6 44. Ke2 Bf6 45. Bxd5 Kxd5 46. Kd3 h5 1/2-1/2

[Event "Olimpiade 2014 - Open"]
[Site "Tromsø"]
[Date "03.08.2014"]
[Round "2.47"]
[Board "1"]
[White "Galappaththi, Chinthaka Anuruddh"]
[Black "Huguet, Sergio"]
[Result "1/2-1/2"]
[WhiteTitle "CM"]
[BlackTitle "FM"]
[WhiteElo "2125"]
[BlackElo "2055"]
[WhiteTeam "Sri Lanka"]
[BlackTeam "Honduras"]
[WhiteFideId "9900438"]
[BlackFideId "2212552"]
[EventDate "2014.08.02"]

1. Nf3 Nf6 2. g3 g6 3. Bg2 Bg7 4. c4 c5 5. Nc3 Nc6 6. O-O O-O 7. d4 cxd4 8. Nxd4
Nxd4 9. Qxd4 d6 10. Qd3 Rb8 11. Be3 b6 12. Nb5 Qd7 13. Qa3 a6 14. Nd4 Bb7 15. h3
Bxg2 16. Kxg2 Qb7+ 17. Nf3 b5 18. c5 b4 19. Qb3 Nd5 20. cxd6 Nxe3+ 21. fxe3 exd6
22. Rad1 Rbd8 23. Rd3 Rfe8 24. Rfd1 Re6 25. Rc1 Rde8 26. Rc4 a5 27. a3 Bh6 28.
axb4 Rxe3 29. Rxe3 Rxe3 30. Qd1 axb4 31. Rd4 Qb5 32. Rd3 Rxd3 33. Qxd3 Qxd3 34.
exd3 f5 35. b3 Kf7 36. Kf2 Ke6 37. g4 fxg4 38. hxg4 Bf4 39. Kg2 Kd5 40. Kh3 h6
41. Kh4 Be5 42. Kh3 Bf6 43. Kg3 Ke6 44. Kh3 h5 45. Kg3 hxg4 46. Kxg4 Be7 47.
Nd4+ 1/2-1/2

[Event "Olimpiade 2014 - Open"]
[Site "Tromsø"]
[Date "03.08.2014"]
[Round "2.47"]
[Board "2"]
[White "Medina Viana, Ricardo"]
[Black "Perera, W C C"]
[Result "0-1"]
[WhiteTitle "CM"]
[BlackTitle "CM"]
[WhiteElo "2063"]
[BlackElo "2081"]
[WhiteTeam "Honduras"]
[BlackTeam "Sri Lanka"]
[WhiteFideId "8400342"]
[BlackFideId "9902600"]
[EventDate "2014.08.02"]

1. d4 Nf6 2. e3 g6 3. f4 Bg7 4. Bd3 d6 5. Nf3 Nbd7 6. c3 O-O 7. O-O e5 8. fxe5
dxe5 9. Bc2 Qe7 10. Na3 e4 11. Nd2 Nb6 12. Qe1 Nbd5 13. Nac4 Bf5 14. h3 h5 15.
Ne5 Bh6 16. Nb3 b6 17. Bd2 a5 18. Qg3 Kh7 19. Rae1 Nd7 20. Nxd7 Bxd7 21. Nc1 f5
22. Bb3 c6 23. Ne2 Bg5 24. Rb1 h4 25. Qf2 f4 26. Qe1 fxe3 27. Bc1 Rxf1+ 28. Qxf1
Rf8 29. Qe1 Qd6 30. Bxd5 cxd5 31. Kh1 Bb5 32. b3 Bd3 33. Rb2 Rf2 34. a4 Bxe2 35.
Rxe2 Qg3 36. Rxf2 Qxf2 37. Qg1 Qg3 38. c4 e2 39. Bxg5 e1=Q 40. Be7 Qxg1+ 41.
Kxg1 e3 0-1

[Event "Olimpiade 2014 - Open"]
[Site "Tromsø"]
[Date "03.08.2014"]
[Round "2.47"]
[Board "3"]
[White "Alahakoon, Isuru"]
[Black "Gavarrete, Nahun"]
[Result "1/2-1/2"]
[WhiteElo "2120"]
[BlackElo "2190"]
[WhiteTeam "Sri Lanka"]
[BlackTeam "Honduras"]
[WhiteFideId "9900993"]
[BlackFideId "8400709"]
[EventDate "2014.08.02"]

1. e4 c5 2. Nc3 d6 3. f4 g6 4. Nf3 Bg7 5. Bc4 Nc6 6. O-O e6 7. d3 Nge7 8. Qe1
O-O 9. f5 gxf5 10. Qh4 fxe4 11. dxe4 Ng6 12. Qh5 Nce5 13. Bh6 f6 14. Nxe5 Nxe5
15. Rf4 Qe7 16. Be2 Bd7 17. Bxg7 Kxg7 18. Rh4 Kh8 19. Rd1 Rg8 20. Qh6 Rg5 21.
Rf4 Rg6 22. Qh4 Rag8 23. g3 Qg7 24. Qh3 Nf7 25. Qg2 Bc6 26. Bh5 Rg5 27. Bxf7
Qxf7 28. Rxd6 Qc7 29. Qd2 Qg7 30. Qf2 Qe7 31. Rd1 f5 32. exf5 exf5 33. Re1 Qd6
34. Rd1 Qh6 35. Qe3 Re8 36. Qf2 Qh5 37. Re1 Reg8 38. Rf1 Rxg3+ 39. Qxg3 Rxg3+
40. hxg3 Qh1+ 41. Kf2 Qg2+ 42. Ke3 Qxg3+ 43. Kd2 Qg5 44. Kd3 Bd7 45. Nd5 Be6 46.
Ne3 Qd8+ 47. Ke2 Qa5 48. a4 b5 49. b3 a6 50. Nxf5 Bxf5 51. Rxf5 Qc3 52. Kd1 Qd4+
53. Ke2 bxa4 54. R1f4 Qb2 55. Rxc5 Qa3 56. Rc7 Qd6 57. Rff7 Qe5+ 58. Kd3 Qg3+
59. Kc4 Qg8 60. Kb4 h5 61. Kxa4 h4 62. Rf4 Qd8 63. Rfc4 Qe8+ 64. Ka3 Qe1 65. Rd7
Qa1+ 66. Kb4 a5+ 67. Kb5 Qe5+ 68. Rc5 Qe8 69. Rc7 h3 70. Kxa5 Qa8+ 71. Kb4 Qb8+
72. Kc5 h2 73. Rh7+ Kg8 74. Rhg7+ Kf8 75. Rgf7+ Ke8 76. Rfe7+ Kd8 77. Red7+ Ke8 1/2-1/2